Kunstsponsoring <Ein> Spannungsfeld zwischen Unternehmen, Künstlern und Gesellschaft

Na minha lista:
Detalhes bibliográficos
Autor principal: Loock, Friedrich
Formato: Livro
Idioma:alemão
Publicado em: Wiesbaden Deutscher Universitäts Verlag 1988
Edição:1. Aufl.
Assuntos:
Tags: Adicionar Tag
Sem tags, seja o primeiro a adicionar uma tag!

MARC

LEADER 00000nam a2200000 4500
001 c010992
005 20240417123501.5
020 |a 3-8244-0006-5 
041 0 |a ger 
044 |a DE 
245 1 0 |a Kunstsponsoring  |b <Ein> Spannungsfeld zwischen Unternehmen, Künstlern und Gesellschaft  |c Friedrich Loock 
250 |a 1. Aufl. 
264 1 |a Wiesbaden  |b Deutscher Universitäts Verlag  |c 1988 
300 |a 272 s. 
610 2 0 |a kultúra 
610 2 0 |a sponzorovanie 
610 2 0 |a umenie 
610 2 0 |a nadácie 
610 2 0 |a podnikanie 
610 2 0 |a kontrola 
610 2 0 |a štát 
610 2 0 |a spoločnosť 
610 2 0 |a Nemecko 
100 1 |a Loock, Friedrich